[Event "Piestany Slovakia op-A"]
[Site "Piestany"]
[Date "2025.07.12"]
[Round "5"]
[White "Salgovic, Simon"]
[Black "Soucek, Andrej"]
[Result "1-0"]
[WhiteElo "2138"]
[BlackElo "2105"]
[PlyCount "101"]
[EventDate "2025.07.08"]
[EventType "swiss"]
[EventRounds "9"]
[EventCountry "SVK"]
[SourceTitle "CB29_2025"]
[SourceDate "2025.07.16"]
[SourceVersion "1"]
[SourceVersionDate "2025.07.16"]
[SourceQuality "1"]

1. e4 c5 2. Nf3 Nc6 3. d4 cxd4 4. Nxd4 Nf6 5. Nc3 e5 6. Ndb5 d6 7. Bg5 a6 8. Na3 b5 9. Bxf6 gxf6 10. Nd5 Bg7 11. c3 Ne7 12. Nc2 f5 13. exf5 Bxf5 14. Nce3 Be6 15. Be2 0-0 16. Bf3 Rb8 17. 0-0 f5 18. Nxe7+ Qxe7 19. Bd5 Kh8 20. Bxe6 Qxe6 21. Qd5 Qg6 22. Rfd1 f4 23. Nf1 f3 24. Ng3 Rf6 25. gxf3 Rbf8 26. Rd3 Qg5 27. Kh1 Rh6 28. Rg1 Qh4 29. Rg2 Rg6 30. Ne4 Rxg2 31. Kxg2 Rg8 32. Ng3 Bf8 33. Re3 Rg6 34. Re4 Qf6 35. Rg4 Qg7 36. Qe4 Kg8 37. Nf5 Qf6 38. Ne3 Qe6 39. Nd5 a5 40. Nc7 Rxg4+ 41. Qxg4+ Qxg4+ 42. fxg4 b4 43. cxb4 axb4 44. Nd5 Kf7 45. Kf3 b3 46. axb3 e4+ 47. Kxe4 Bg7 48. Kf5 Bxb2 49. h4 Bd4 50. f4 Bf2 51. h5 1-0

[Event "CZE-ch Amateurs Blitz"]
[Site "Hluk"]
[Date "2025.05.09"]
[Round "4"]
[White "Vilimek, Vit"]
[Black "Soucek, Andrej"]
[Result "1-0"]
[WhiteElo "2073"]
[BlackElo "1905"]
[PlyCount "60"]
[EventDate "2025.05.09"]
[EventType "swiss (blitz)"]
[EventRounds "13"]
[EventCountry "CZE"]
[SourceTitle "CB20_2025"]
[SourceDate "2025.05.14"]
[SourceVersion "1"]
[SourceVersionDate "2025.05.14"]
[SourceQuality "1"]

1. e4 e5 2. Nf3 Nc6 3. Nc3 Nf6 4. d4 exd4 5. Nd5 Be7 6. Nxd4 0-0 7. Nxf6+ Bxf6 8. Nxc6 bxc6 9. Bd3 d5 10. 0-0 Re8 11. Re1 dxe4 12. Bf1 Bf5 13. c3 Rb8 14. Qa4 Qd6 15. Qxa7 Be5 16. h3 Qg6 17. Qe3 Qf6 18. a4 h6 19. a5 g5 20. a6 Bf4 21. Qd4 Qxd4 22. cxd4 Bd6 23. a7 Ra8 24. Be3 Bd7 25. Rec1 f5 26. Bc4+ Kg7 27. d5 c5 28. Bb3 c6 29. Bxc5 Bxc5 30. Rxc5 cxd5 1-0

[Event "Pardubice rapid op 35th"]
[Site "Pardubice"]
[Date "2024.07.17"]
[Round "1"]
[White "Hosticka, Frantisek"]
[Black "Soucek, Andrej"]
[Result "1-0"]
[WhiteElo "2062"]
[BlackElo "1889"]
[PlyCount "116"]
[EventDate "2024.07.17"]
[EventType "swiss (rapid)"]
[EventRounds "9"]
[EventCountry "CZE"]
[SourceTitle "CBM 221 Extra"]
[Source "ChessBase"]
[SourceDate "2024.09.30"]
[SourceVersion "1"]
[SourceVersionDate "2024.09.30"]
[SourceQuality "1"]

1. e4 c5 2. Nf3 d6 3. Bb5+ Nd7 4. 0-0 a6 5. Be2 Ngf6 6. d3 g6 7. Re1 Bg7 8. Nbd2 0-0 9. Nf1 b5 10. Ng3 Bb7 11. c3 Rc8 12. h3 c4 13. dxc4 bxc4 14. Bf1 Qc7 15. Qa4 Nc5 16. Qxc4 Ncxe4 17. Qxc7 Rxc7 18. Nxe4 Nxe4 19. Be3 Rb8 20. Rad1 Ba8 21. Bc1 Nc5 22. Nd4 Bf6 23. Nc2 a5 24. Ne3 Na4 25. Re2 h5 26. Nd5 Bxd5 27. Rxd5 Rc5 28. Rxc5 Nxc5 29. Rc2 Kg7 30. g4 hxg4 31. hxg4 Kf8 32. Be2 a4 33. Kg2 Ke8 34. Be3 Ne6 35. f4 Kd7 36. Bf3 Nd8 37. Kg3 Nc6 38. g5 Bg7 39. Bg4+ e6 40. Bf3 Na5 41. Ba7 Rc8 42. Be2 a3 43. b4 Nc4 44. b5 d5 45. b6 Ne3 46. Rc1 Kc6 47. Ba6 Nf5+ 48. Kf2 Nd6 49. Bxc8 Nxc8 50. Rh1 Bxc3 51. Rh7 Bd4+ 52. Kf3 Nxa7 53. bxa7 Bxa7 54. Rxf7 Bd4 55. Rf8 Bb2 56. Rg8 d4 57. Ke4 Kc5 58. Kd3 Bc1 1-0

[Event "CZE-ch U14"]
[Site "Kouty nad Desnou"]
[Date "2024.03.10"]
[Round "2"]
[White "Vana, Jan1"]
[Black "Soucek, Andrej"]
[Result "0-1"]
[WhiteElo "1908"]
[BlackElo "1825"]
[PlyCount "92"]
[EventDate "2024.03.09"]
[EventType "swiss"]
[EventRounds "9"]
[EventCountry "CZE"]
[SourceTitle "CBM 219 Extra"]
[Source "ChessBase"]
[SourceDate "2024.05.31"]
[SourceVersion "1"]
[SourceVersionDate "2024.05.31"]
[SourceQuality "1"]

1. e4 e5 2. Nf3 Nc6 3. Bb5 a6 4. Ba4 Nf6 5. d3 b5 6. Bb3 Bc5 7. Nc3 d6 8. Nd5 h6 9. c3 0-0 10. 0-0 Ba7 11. Be3 Na5 12. Nxf6+ Qxf6 13. Bc2 Nc6 14. Bxa7 Rxa7 15. h3 Ne7 16. Kh2 g5 17. Ng1 Kh7 18. Qf3 Qg6 19. g4 Qg7 20. a4 Rb7 21. axb5 axb5 22. b4 Ng6 23. Ra5 Nh4 24. Qe3 Qf6 25. Rfa1 h5 26. Bd1 hxg4 27. Bxg4 Bxg4 28. hxg4 Kg6 29. Ra8 Rbb8 30. Rxb8 Rxb8 31. f3 Qf4+ 32. Qxf4 gxf4 33. Ra7 Rh8 34. Rxc7 Nxf3+ 35. Kg2 Nxg1 36. Kxg1 Kg5 37. Rxf7 Kxg4 38. Rf6 Kf3 39. Rxd6 Ke2 40. d4 f3 41. Rf6 Rg8+ 42. Kh2 f2 43. dxe5 f1Q 44. Rxf1 Kxf1 45. e6 Kf2 46. Kh3 Kf3 0-1

[Event "CZE-ch U14"]
[Site "Kouty nad Desnou"]
[Date "2024.03.09"]
[Round "1"]
[White "Soucek, Andrej"]
[Black "Trcalek, Filip"]
[Result "1-0"]
[WhiteElo "1825"]
[BlackElo "1615"]
[PlyCount "59"]
[EventDate "2024.03.09"]
[EventType "swiss"]
[EventRounds "9"]
[EventCountry "CZE"]
[SourceTitle "CBM 219 Extra"]
[Source "ChessBase"]
[SourceDate "2024.05.31"]
[SourceVersion "1"]
[SourceVersionDate "2024.05.31"]
[SourceQuality "1"]

1. d4 d5 2. c4 e6 3. Nf3 Nf6 4. g3 Be7 5. Bg2 0-0 6. 0-0 dxc4 7. Qc2 c5 8. Qxc4 Qb6 9. Nc3 cxd4 10. Nxd4 a6 11. Bf4 Bd6 12. Na4 Qd8 13. Bxd6 Qxd6 14. Rfd1 Qe7 15. Nb6 Qe8 16. Nxa8 e5 17. Nb3 Be6 18. Qc3 Qe7 19. Nb6 Bf5 20. Nd5 Nxd5 21. Rxd5 Re8 22. Rad1 Nc6 23. Qc5 Qg5 24. Rd6 h6 25. Qe3 Qe7 26. Be4 Be6 27. Qd2 Bxb3 28. Bxc6 Bxd1 29. Bxe8 Bxe2 30. Rd7 1-0

[Event "CZE-ch U14"]
[Site "Teplice"]
[Date "2023.03.15"]
[Round "6"]
[White "Krautschneider, Daniel Jan"]
[Black "Soucek, Andrej"]
[Result "1-0"]
[WhiteElo "1679"]
[BlackElo "1679"]
[PlyCount "67"]
[EventDate "2023.03.11"]
[EventType "swiss"]
[EventRounds "9"]
[EventCountry "CZE"]
[SourceTitle "CBM 213 Extra"]
[Source "ChessBase"]
[SourceDate "2023.05.31"]
[SourceVersion "1"]
[SourceVersionDate "2023.05.31"]
[SourceQuality "1"]

1. e4 c5 2. Nf3 d6 3. c3 Nf6 4. Be2 Nc6 5. d4 e6 6. d5 exd5 7. exd5 Ne5 8. 0-0 Be7 9. Re1 0-0 10. c4 Qc7 11. Nc3 a6 12. Qc2 Nfd7 13. Ng5 Bxg5 14. Bxg5 h6 15. Bd2 Nb6 16. b3 Bg4 17. f4 Bxe2 18. Rxe2 Ng6 19. Rae1 Nd7 20. f5 Nge5 21. Ne4 Kh7 22. f6 g6 23. Re3 Ng4 24. Rh3 Ndxf6 25. Nxf6+ Nxf6 26. Bxh6 Rfe8 27. Bg5+ Kg7 28. Bxf6+ Kxf6 29. Rf1+ Kg7 30. Qf2 Qe7 31. Qf4 Rh8 32. Re3 Qd7 33. Qf6+ Kg8 34. Re7 1-0

[Event "CZE-ch U14"]
[Site "Teplice"]
[Date "2023.03.11"]
[Round "1"]
[White "Soucek, Andrej"]
[Black "Zelba, Lukas"]
[Result "1/2-1/2"]
[WhiteElo "1679"]
[BlackElo "1912"]
[PlyCount "84"]
[EventDate "2023.03.11"]
[EventType "swiss"]
[EventRounds "9"]
[EventCountry "CZE"]
[SourceTitle "CBM 213 Extra"]
[Source "ChessBase"]
[SourceDate "2023.05.31"]
[SourceVersion "1"]
[SourceVersionDate "2023.05.31"]
[SourceQuality "1"]

1. d4 e6 2. Nf3 Nf6 3. c4 b6 4. g3 Bb7 5. Bg2 Be7 6. 0-0 0-0 7. d5 exd5 8. Nh4 c6 9. cxd5 Nxd5 10. Nf5 Nc7 11. e4 d5 12. exd5 Nxd5 13. Qg4 Bf6 14. Nc3 Nd7 15. Bf4 Nxc3 16. bxc3 Ne5 17. Qh5 g6 18. Nh6+ Kg7 19. Qe2 Qd3 20. Rfe1 Ba6 21. Qb2 Rfe8 22. Re3 Qd7 23. Rae1 Nc4 24. Rxe8 Rxe8 25. Rxe8 Qxe8 26. Qc1 Ne5 27. Qe3 Qd7 28. h4 Nd3 29. Ng4 Nxf4 30. Qxf4 Bxc3 31. h5 f5 32. Qh6+ Kg8 33. Ne3 Bg7 34. Qf4 Kf7 35. g4 Bd3 36. Bh3 Bf6 37. hxg6+ hxg6 38. gxf5 Bxf5 39. Nxf5 gxf5 40. Bxf5 Qd1+ 41. Kg2 Qd5+ 42. Be4 Qg5+ 1/2-1/2

[Event "Piestany Slovakia op-B"]
[Site "Piestany"]
[Date "2022.07.18"]
[Round "9"]
[White "Benci, Jozef1"]
[Black "Soucek, Andrej"]
[Result "0-1"]
[WhiteElo "1629"]
[BlackElo "1440"]
[PlyCount "138"]
[EventDate "2022.07.11"]
[EventType "swiss"]
[EventRounds "9"]
[EventCountry "SVK"]
[SourceTitle "CBM 209 Extra"]
[Source "ChessBase"]
[SourceDate "2022.09.30"]
[SourceVersion "1"]
[SourceVersionDate "2022.09.30"]
[SourceQuality "1"]

1. e4 e5 2. f4 Bc5 3. Nf3 d6 4. Bc4 Nf6 5. d3 Nc6 6. h3 0-0 7. Nc3 Na5 8. Bb3 Nxb3 9. axb3 Re8 10. fxe5 dxe5 11. Bg5 Qd6 12. Qd2 a6 13. Be3 Bb4 14. g4 b5 15. Ke2 Bb7 16. Rag1 Rad8 17. h4 Bc8 18. Nh2 Bc5 19. h5 Bxe3 20. Qxe3 Qd4 21. Qf3 b4 22. Nd1 Bb7 23. Qe3 c5 24. Nf3 Qxe3+ 25. Nxe3 Bc6 26. g5 Nd7 27. Nc4 Re6 28. Nh4 Bb5 29. Nf5 Bxc4 30. bxc4 Nb8 31. Ra1 Nc6 32. Ke3 Nd4 33. Nxd4 exd4+ 34. Kf4 f6 35. Rhg1 Rf8 36. g6 Ra8 37. gxh7+ Kxh7 38. Rg4 Re5 39. Rag1 Ra7 40. Rh1 a5 41. Kf3 a4 42. Rf4 Kh6 43. Rf5 a3 44. Rxe5 fxe5 45. bxa3 Rxa3 46. Kg4 g6 47. hxg6+ Kxg6 48. Rb1 Kf6 49. Rf1+ Ke6 50. Rb1 Ra2 51. Rc1 Ra8 52. Kf3 Rf8+ 53. Ke2 Rh8 54. Kd2 Rh2+ 55. Kd1 Kf6 56. Ke1 Kg5 57. Rd1 Kf4 58. Rd2 Rxd2 59. Kxd2 Kf3 60. Kd1 Kf4 61. Ke2 Kg3 62. Kd1 Kf3 63. Kd2 Kf2 64. Kc1 Ke2 65. Kb2 Kd1 66. Kb1 Ke1 67. Kc1 Ke2 68. Kb2 Kd2 69. Kb3 Kc1 0-1

[Event "Piestany Augustus Cup"]
[Site "Piestany"]
[Date "2022.07.15"]
[Round "6"]
[White "Mikus, Peter"]
[Black "Soucek, Andrej"]
[Result "1/2-1/2"]
[WhiteElo "1636"]
[BlackElo "1308"]
[PlyCount "68"]
[EventDate "2022.07.15"]
[EventType "swiss (rapid)"]
[EventRounds "7"]
[EventCountry "SVK"]
[SourceTitle "CBM 209 Extra"]
[Source "ChessBase"]
[SourceDate "2022.09.30"]
[SourceVersion "1"]
[SourceVersionDate "2022.09.30"]
[SourceQuality "1"]

1. Nf3 Nf6 2. c4 e6 3. g3 c6 4. Bg2 d5 5. b3 Be7 6. 0-0 0-0 7. Bb2 Nbd7 8. d4 Ne4 9. Nbd2 Ndf6 10. Nxe4 Nxe4 11. Nd2 Nxd2 12. Qxd2 Bf6 13. cxd5 exd5 14. e3 Bf5 15. Qb4 Qd7 16. Rac1 Rac8 17. Ba3 Rfe8 18. Qd2 Be7 19. Bxe7 Qxe7 20. Rc3 Be4 21. Bxe4 Qxe4 22. f3 Qe7 23. Re1 Rcd8 24. e4 dxe4 25. Rxe4 Qd7 26. Rce3 Rxe4 27. Rxe4 h6 28. Qe3 b6 29. Re7 Qxd4 30. Qxd4 Rxd4 31. Rxa7 Rd1+ 32. Kg2 Rd2+ 33. Kh3 Rf2 34. f4 Rc2 1/2-1/2

[Event "Piestany Augustus Cup"]
[Site "Piestany"]
[Date "2022.07.15"]
[Round "1"]
[White "Soucek, Andrej"]
[Black "Dixit, Nikhil"]
[Result "0-1"]
[WhiteElo "1308"]
[BlackElo "2027"]
[PlyCount "60"]
[EventDate "2022.07.15"]
[EventType "swiss (rapid)"]
[EventRounds "7"]
[EventCountry "SVK"]
[SourceTitle "CBM 209 Extra"]
[Source "ChessBase"]
[SourceDate "2022.09.30"]
[SourceVersion "1"]
[SourceVersionDate "2022.09.30"]
[SourceQuality "1"]

1. e4 g6 2. d4 Bg7 3. Nf3 d6 4. Nc3 Nf6 5. Bd3 0-0 6. 0-0 c6 7. h3 Nbd7 8. Be3 e5 9. Qd2 Qc7 10. Rfe1 b5 11. a3 a6 12. Rad1 Bb7 13. b4 Rfe8 14. dxe5 dxe5 15. Bh6 c5 16. Bxg7 Kxg7 17. Bf1 cxb4 18. axb4 Rac8 19. Re3 Nb6 20. Qd6 Qxd6 21. Rxd6 Nc4 22. Bxc4 Rxc4 23. Rd2 Rxb4 24. Rde2 a5 25. Nd5 Nxd5 26. exd5 Bxd5 27. Rxe5 Rxe5 28. Rxe5 Be6 29. Rc5 a4 30. Rc7 a3 0-1

[Event "Piestany Augustus Cup"]
[Site "Piestany"]
[Date "2022.07.15"]
[Round "5"]
[White "Soucek, Andrej"]
[Black "Kincik, Martin"]
[Result "1-0"]
[WhiteElo "1308"]
[BlackElo "1000"]
[PlyCount "67"]
[EventDate "2022.07.15"]
[EventType "swiss (rapid)"]
[EventRounds "7"]
[EventCountry "SVK"]
[SourceTitle "CBM 209 Extra"]
[Source "ChessBase"]
[SourceDate "2022.09.30"]
[SourceVersion "1"]
[SourceVersionDate "2022.09.30"]
[SourceQuality "1"]

1. d4 d5 2. c4 Nf6 3. Nc3 dxc4 4. e3 Bf5 5. Bxc4 Nc6 6. Nf3 Bg4 7. Bd2 e6 8. Be2 Bb4 9. a3 Bxc3 10. Bxc3 0-0 11. 0-0 Nd5 12. h3 Bh5 13. Rc1 Nxc3 14. bxc3 Bxf3 15. Bxf3 Qd6 16. Rb1 Qxa3 17. Rxb7 Qxc3 18. Rxc7 Rfc8 19. Bxc6 Rxc7 20. Bxa8 Qc2 21. Qxc2 Rxc2 22. Ra1 Rc7 23. Kf1 h6 24. Ke2 f6 25. Kd2 e5 26. Rc1 Rxc1 27. Kxc1 exd4 28. exd4 Kf7 29. Kd2 Ke6 30. Kc3 a5 31. d5+ Kd6 32. Kb3 Kc5 33. Ka4 Kd4 34. d6 1-0

[Event "Piestany Slovakia op-B"]
[Site "Piestany"]
[Date "2022.07.15"]
[Round "6"]
[White "Zeman, Jan"]
[Black "Soucek, Andrej"]
[Result "1/2-1/2"]
[WhiteElo "1719"]
[BlackElo "1440"]
[PlyCount "154"]
[EventDate "2022.07.11"]
[EventType "swiss"]
[EventRounds "9"]
[EventCountry "SVK"]
[SourceTitle "CBM 209 Extra"]
[Source "ChessBase"]
[SourceDate "2022.09.30"]
[SourceVersion "1"]
[SourceVersionDate "2022.09.30"]
[SourceQuality "1"]

1. e4 c5 2. f4 d5 3. e5 Nc6 4. Nf3 e6 5. c3 Nge7 6. a3 d4 7. d3 b6 8. Nbd2 Nd5 9. Ne4 f5 10. exf6 Nxf6 11. Nxf6+ Qxf6 12. c4 Bb7 13. Be2 Bd6 14. 0-0 0-0 15. g3 Rae8 16. Ng5 Qe7 17. Bf3 h6 18. Nxe6 Rf6 19. Bd5 Kh8 20. f5 Nd8 21. Nf4 Bxf4 22. Bxf4 Bxd5 23. cxd5 Rxf5 24. d6 Qd7 25. Qg4 Rf7 26. Qh5 Rf5 27. Qh3 Rf7 28. Qh4 Nb7 29. Rae1 Nxd6 30. Be5 Rxf1+ 31. Kxf1 Qf5+ 32. Qf4 Qxf4+ 33. gxf4 Nf5 34. Kf2 Kg8 35. Kf3 Ne3 36. b4 Kf7 37. bxc5 bxc5 38. Bd6 Rc8 39. Rc1 Ke6 40. Rxc5 Rxc5 41. Bxc5 Nc2 42. Ke4 g6 43. Bxa7 Nxa3 44. Bxd4 Nb5 45. Be5 h5 46. h4 Na3 47. d4 Nc4 48. d5+ Ke7 49. f5 gxf5+ 50. Kxf5 Ne3+ 51. Ke4 Ng4 52. Bf4 Nf6+ 53. Ke5 Nd7+ 54. Kf5 Kf7 55. Kg5 Nf6 56. d6 Ke6 57. Bh2 Ng4 58. Bg3 Nf6 59. Kg6 Ne4 60. Bh2 Nf6 61. Bg3 Ne4 62. Bf4 Nf6 63. Bc1 Ne4 64. Ba3 Nf6 65. Kg5 Kf7 66. Kf5 Nd7 67. Bc1 Nf6 68. Bg5 Nd7 69. Be7 Nb6 70. Ke5 Nd7+ 71. Kd5 Nb8 72. Bg5 Nd7 73. Kc6 Ke6 74. Kc7 Ne5 75. Bh6 Nd7 76. Bg7 Nc5 77. Kc6 Nd7 1/2-1/2

[Event "Piestany Slovakia op-B"]
[Site "Piestany"]
[Date "2022.07.14"]
[Round "5"]
[White "Pekarcik, Peter"]
[Black "Soucek, Andrej"]
[Result "1-0"]
[WhiteElo "1738"]
[BlackElo "1440"]
[PlyCount "79"]
[EventDate "2022.07.11"]
[EventType "swiss"]
[EventRounds "9"]
[EventCountry "SVK"]
[SourceTitle "CBM 209 Extra"]
[Source "ChessBase"]
[SourceDate "2022.09.30"]
[SourceVersion "1"]
[SourceVersionDate "2022.09.30"]
[SourceQuality "1"]

1. e4 c5 2. b4 cxb4 3. a3 e5 4. Nf3 Nc6 5. Bb2 bxa3 6. Nxa3 d6 7. Be2 Nf6 8. 0-0 Be7 9. d4 exd4 10. Nxd4 0-0 11. Nxc6 bxc6 12. e5 dxe5 13. Bxe5 Qxd1 14. Rfxd1 Be6 15. Nc4 Rfd8 16. Rxd8+ Rxd8 17. Rxa7 Bxc4 18. Bxc4 Rd1+ 19. Bf1 Bf8 20. Ra6 Ne4 21. Bf4 g5 22. Be3 f5 23. g3 Bd6 24. Kg2 f4 25. gxf4 gxf4 26. Be2 Re1 27. Ra8+ Kg7 28. Bd4+ Kh6 29. Bd3 Ng5 30. f3 Be5 31. Bf2 Rd1 32. h4 Ne6 33. Re8 Nc5 34. Bxc5 Rd2+ 35. Kh3 Bg7 36. Re6+ Kh5 37. Bxh7 Bf6 38. Bf5 Rd5 39. Rxf6 Rxc5 40. Bg4# 1-0

[Event "Piestany Slovakia op-B"]
[Site "Piestany"]
[Date "2022.07.13"]
[Round "3"]
[White "Striskova, Lucia"]
[Black "Soucek, Andrej"]
[Result "1-0"]
[WhiteElo "1943"]
[BlackElo "1440"]
[PlyCount "73"]
[EventDate "2022.07.11"]
[EventType "swiss"]
[EventRounds "9"]
[EventCountry "SVK"]
[SourceTitle "CBM 209 Extra"]
[Source "ChessBase"]
[SourceDate "2022.09.30"]
[SourceVersion "1"]
[SourceVersionDate "2022.09.30"]
[SourceQuality "1"]

1. e4 e5 2. Nf3 Nc6 3. d4 exd4 4. Nxd4 Nf6 5. Nxc6 bxc6 6. e5 Nd5 7. c4 Nb6 8. b3 Be7 9. Bd3 d5 10. exd6 cxd6 11. Bb2 Bf6 12. Qe2+ Qe7 13. Bxf6 Qxe2+ 14. Bxe2 gxf6 15. Bf3 Bb7 16. Nc3 0-0-0 17. 0-0-0 d5 18. c5 Nd7 19. Bg4 Kc7 20. Bxd7 Kxd7 21. Ne4 Ke7 22. Nd6 Rxd6 23. cxd6+ Kxd6 24. Rhe1 Rg8 25. g3 Rg5 26. f4 Rg7 27. Re8 Kc5 28. Rde1 Kb6 29. R1e7 Ba6 30. Rb8+ Kc5 31. Rxa7 Bd3 32. Kd2 Be4 33. Rf8 Bg6 34. Rb7 Bf5 35. a4 Kd6 36. Rd8+ Kc5 37. a5 1-0

[Event "CZE-chT U12"]
[Site "Jihlava"]
[Date "2022.06.11"]
[Round "5.2"]
[White "Soucek, Andrej"]
[Black "Kroulik, Vaclav"]
[Result "1/2-1/2"]
[WhiteElo "1310"]
[BlackElo "1405"]
[PlyCount "113"]
[EventDate "2022.06.10"]
[EventType "team-swiss"]
[EventRounds "9"]
[EventCountry "CZE"]
[SourceTitle "CBM 209 Extra"]
[Source "ChessBase"]
[SourceDate "2022.09.30"]
[SourceVersion "1"]
[SourceVersionDate "2022.09.30"]
[SourceQuality "1"]
[WhiteTeam "Stare Mesto U12"]
[BlackTeam "Rychnov nad Kneznou U12"]
[WhiteTeamCountry "CZE"]
[BlackTeamCountry "CZE"]

1. e4 c5 2. Nf3 e6 3. c3 d5 4. e5 Nc6 5. d4 Bd7 6. Be2 Qb6 7. Na3 Nh6 8. Nc2 Nf5 9. 0-0 Rc8 10. Rb1 cxd4 11. Ncxd4 Nfxd4 12. cxd4 Na5 13. Be3 Nc4 14. Bxc4 Rxc4 15. Nd2 Rc7 16. Nb3 Bb4 17. Bd2 Bxd2 18. Qxd2 0-0 19. Rfc1 Rfc8 20. Nc5 Be8 21. h4 Rc6 22. h5 Qc7 23. h6 f6 24. f4 Bg6 25. Ra1 fxe5 26. fxe5 Qe7 27. Nb3 Rc2 28. Rxc2 Rxc2 29. Qf4 Rxb2 30. Rc1 Rc2 31. Rxc2 Bxc2 32. Qg4 Bxb3 33. axb3 g6 34. b4 Kf7 35. Qf4+ Ke8 36. Qd2 Qc7 37. Kh2 Qf7 38. Kg1 Kd7 39. Qe3 Qf5 40. Qd2 Qe4 41. Kf2 a6 42. Kg1 b6 43. Kh2 Kc6 44. Qc3+ Kb5 45. Qd2 Qb1 46. Qe2+ Kxb4 47. Qxa6 Kc3 48. Qc8+ Kxd4 49. Qxe6 b5 50. Qf6 Qe4 51. e6+ Kc5 52. e7 d4 53. Qf8 Qe5+ 54. Kg1 Qe1+ 55. Kh2 Qe5+ 56. Kg1 Qe1+ 57. Kh2 1/2-1/2

[Event "CZE-chT U12"]
[Site "Jihlava"]
[Date "2022.06.11"]
[Round "7.2"]
[White "Soucek, Andrej"]
[Black "Nemec, Mikulas"]
[Result "1-0"]
[WhiteElo "1310"]
[BlackElo "1056"]
[PlyCount "57"]
[EventDate "2022.06.10"]
[EventType "team-swiss"]
[EventRounds "9"]
[EventCountry "CZE"]
[SourceTitle "CBM 209 Extra"]
[Source "ChessBase"]
[SourceDate "2022.09.30"]
[SourceVersion "1"]
[SourceVersionDate "2022.09.30"]
[SourceQuality "1"]
[WhiteTeam "Stare Mesto U12"]
[BlackTeam "Ricany U12"]
[WhiteTeamCountry "CZE"]
[BlackTeamCountry "CZE"]

1. e4 c5 2. Nf3 Nc6 3. Bb5 e6 4. Bxc6 bxc6 5. 0-0 d5 6. e5 Ba6 7. Re1 Qd7 8. c3 f6 9. d4 cxd4 10. cxd4 c5 11. exf6 Nxf6 12. Ng5 Bc8 13. Nxe6 Ne4 14. Nxc5 Bxc5 15. dxc5 0-0 16. Be3 Ba6 17. f3 Nf6 18. Nc3 Rfd8 19. Bd4 Qc6 20. b4 Rab8 21. Rb1 Bc4 22. a4 a6 23. Qd2 Nd7 24. Re7 Qh6 25. Rxg7+ Qxg7 26. Bxg7 Kxg7 27. Qg5+ Kf7 28. Nxd5 Nxc5 29. Qe7+ 1-0

[Event "CZE-ch U12"]
[Site "Luhacovice"]
[Date "2022.03.18"]
[Round "8"]
[White "Vana, Jan1"]
[Black "Soucek, Andrej"]
[Result "1-0"]
[WhiteElo "1609"]
[BlackElo "1399"]
[PlyCount "41"]
[EventDate "2022.03.12"]
[EventType "swiss"]
[EventRounds "9"]
[EventCountry "CZE"]
[SourceTitle "EXT 2023"]
[Source "ChessBase"]
[SourceDate "2022.10.05"]
[SourceVersion "1"]
[SourceVersionDate "2022.10.05"]
[SourceQuality "1"]

1. e4 c5 2. b4 e6 3. bxc5 Bxc5 4. d4 Bb6 5. c3 d6 6. Bd3 Nc6 7. f4 Nge7 8. Nf3 d5 9. e5 Ng6 10. 0-0 0-0 11. Ba3 Re8 12. Ng5 Nce7 13. Qh5 h6 14. Nxf7 Kxf7 15. Bxe7 Rxe7 16. Qxg6+ Kf8 17. Nd2 Qe8 18. Qh7 Qf7 19. f5 Ke8 20. f6 Kd7 21. Bg6 1-0

[Event "CZE-ch U12"]
[Site "Luhacovice"]
[Date "2022.03.17"]
[Round "7"]
[White "Kroulik, Vaclav"]
[Black "Soucek, Andrej"]
[Result "1/2-1/2"]
[WhiteElo "1645"]
[BlackElo "1399"]
[PlyCount "86"]
[EventDate "2022.03.12"]
[EventType "swiss"]
[EventRounds "9"]
[EventCountry "CZE"]
[SourceTitle "EXT 2023"]
[Source "ChessBase"]
[SourceDate "2022.10.05"]
[SourceVersion "1"]
[SourceVersionDate "2022.10.05"]
[SourceQuality "1"]

1. d4 d5 2. Bf4 Bf5 3. e3 e6 4. c3 Nf6 5. Nd2 c6 6. Ngf3 Nbd7 7. Be2 Be7 8. 0-0 0-0 9. Nh4 Bg6 10. Nxg6 hxg6 11. Qc2 Nb6 12. e4 dxe4 13. Nxe4 Nbd5 14. Bd2 Qc7 15. Rfe1 Rac8 16. Rad1 Rfd8 17. Bf3 Nxe4 18. Bxe4 Nf6 19. Bf3 c5 20. dxc5 Bxc5 21. Bg5 Bd6 22. g3 b5 23. Be2 b4 24. c4 Bc5 25. Bf3 Bd4 26. b3 Bc3 27. Bd2 Bxd2 28. Rxd2 Rxd2 29. Qxd2 a5 30. Rd1 Qe5 31. Qd4 Qf5 32. Kg2 e5 33. Qb6 e4 34. Be2 Re8 35. Rd8 Rxd8 36. Qxd8+ Kh7 37. Qd4 Nd7 38. Qd5 Nc5 39. h3 Kg8 40. Qd8+ Kh7 41. Qd5 Kg8 42. g4 Qxd5 43. cxd5 Kf8 1/2-1/2

[Event "CZE-ch U12"]
[Site "Luhacovice"]
[Date "2022.03.16"]
[Round "6"]
[White "Soucek, Andrej"]
[Black "Krautschneider, Daniel Jan"]
[Result "1/2-1/2"]
[WhiteElo "1399"]
[BlackElo "1304"]
[PlyCount "63"]
[EventDate "2022.03.12"]
[EventType "swiss"]
[EventRounds "9"]
[EventCountry "CZE"]
[SourceTitle "EXT 2023"]
[Source "ChessBase"]
[SourceDate "2022.10.05"]
[SourceVersion "1"]
[SourceVersionDate "2022.10.05"]
[SourceQuality "1"]

1. e4 c5 2. Nf3 Nc6 3. Bb5 g6 4. 0-0 Bg7 5. Bxc6 bxc6 6. e5 d5 7. exd6 exd6 8. h3 Ne7 9. Nc3 0-0 10. d3 d5 11. Bf4 Re8 12. Qd2 Nf5 13. Na4 Nd4 14. Nxd4 cxd4 15. b4 a5 16. a3 Be6 17. Nc5 Qb6 18. Rfe1 Ra7 19. Be5 Rea8 20. Bxg7 Kxg7 21. Rab1 axb4 22. Nxe6+ fxe6 23. Qxb4 Qxb4 24. Rxb4 Kf6 25. Rxd4 Rxa3 26. Rf4+ Ke7 27. Rf3 Ra1 28. Rfe3 Rxe1+ 29. Rxe1 Ra2 30. Re2 Kd6 31. f4 c5 32. Kf2 1/2-1/2